|
|
|
|
| LEADER |
00000nam a2200000 a 4500 |
| 001 |
vtls010561068 |
| 003 |
SK-MaSNL |
| 005 |
20260301090306.0 |
| 007 |
co bg auuua |
| 008 |
240318s2013 xo | fs 000 0 slo |
| 015 |
|
|
|a SNBS2015
|
| 020 |
|
|
|a 9788081520440
|q (elektronická kniha)
|
| 040 |
|
|
|a SNK
|b slo
|c SNK
|e AACR2
|
| 041 |
0 |
|
|a slo
|
| 044 |
|
|
|a xo
|c SK
|
| 072 |
|
7 |
|a 537.6/.8
|x Magnetizmus. Elektromagnetizmus
|2 konspekt
|
| 080 |
|
|
|a 537.6
|2 2001
|
| 080 |
|
|
|a 537.62
|2 2001
|
| 080 |
|
|
|a (048.8)
|2 2001
|
| 080 |
|
|
|a (0.034.44)
|2 2001
|
| 100 |
1 |
|
|a Jaščur, Michal,
|d 1963-
|4 aut
|9 24671
|
| 245 |
1 |
0 |
|a Teória efektívneho poľa pre lokalizované spinové modely
|h elektronický zdroj
|c Michal Jaščur
|
| 250 |
|
|
|a 1. vyd.
|
| 260 |
|
|
|a V Košiciach
|b Univerzita Pavla Jozefa Šafárika
|c 2013
|
| 300 |
|
|
|a 1 elektronický optický disk (CD-ROM)
|c 12 cm
|
| 500 |
|
|
|a Názov z titulnej obrazovky
|
| 504 |
|
|
|a Bibliogr. odkazy
|
| 516 |
|
|
|a Textový dokument (monografia), súbor vo formáte pdf
|
| 538 |
|
|
|a Technické požiadavky: PDF prehliadač
|
| 650 |
0 |
7 |
|a magnetizmus
|2 SNKPH
|9 1778
|
| 650 |
0 |
7 |
|a magnetizácia
|2 SNKPH
|9 417841
|
| 650 |
0 |
7 |
|a Magnetism
|2 SNKPHeng
|9 340368
|
| 650 |
0 |
7 |
|a Magnetization
|2 SNKPHeng
|9 417842
|
| 655 |
|
7 |
|a elektronické zdroje
|2 SNKPH
|9 90954
|
| 655 |
|
7 |
|a CD-ROM
|2 SNKPH
|9 70236
|
| 655 |
|
7 |
|a monografie
|2 SNKPH
|9 70139
|
| 655 |
|
7 |
|a Monographs
|2 SNKPHeng
|9 120675
|
| 655 |
|
7 |
|a Electronic resources
|2 SNKPHeng
|9 175546
|
| 752 |
|
|
|a Slovensko
|d Košice
|
| 856 |
4 |
1 |
|u http://www.upjs.sk/pracoviska/univerzitna-kniznica/e-publikacia/#pf
|
| 919 |
|
|
|a 978-80-8152-044-0
|
| 958 |
|
|
|a NB
|
| 999 |
|
|
|c 667828
|d 669758
|
| 952 |
|
|
|a SNK
|b SNK
|y PREZ
|7 0
|p 17A1093504
|o snkSCDM 6103
|i snk2013/29271
|8 0
|0 0
|1 0
|4 0
|d 2013-11-28
|l 0
|r 2026-02-23 19:16:03
|w 2026-02-23
|
| 952 |
|
|
|t snkTEO 53
|a SNKMST
|b SNKMST
|y PREZ
|7 0
|p 17A1100936
|o snkSCDM 6103 D1
|i snk2013/29272
|8 0
|0 0
|1 0
|4 0
|d 2013-11-28
|l 0
|r 2025-08-11 00:00:00
|w 2026-02-23
|